| 000 | 02218nam a2200577 i 4500 | ||
|---|---|---|---|
| 001 | 16282 | ||
| 003 | KOSZ 005 | ||
| 005 | 20201217135007.0 | ||
| 008 | 201216s1961 pl a f 001 0 pol | ||
| 015 | _aUWD 1961/3325 | ||
| 035 | _a991042185949705066 | ||
| 035 | _a(PL-WaBN)b21303654-48omnis_nlop | ||
| 035 | _ab21303654 | ||
| 035 | _a(OCoLC)749790453 | ||
| 035 | _a(PL)b0000002130365 | ||
| 035 | _a(EXLNZ-48OMNIS_NETWORK)9910385507405606 | ||
| 040 |
_aWA N _cWA N _dKOSZ 005/RW _dKOSZ 005/HR |
||
| 046 | _k1961 | ||
| 080 | _a37.013 | ||
| 245 | 0 | 0 |
_aWprowadzenie do teorii nauczania : _bpraca zespołowa / _cczłonkowie zespołu: S. Baścik [et al.] ; kierownik Z. Mysłakowski. |
| 260 |
_aWarszawa : _b"Książka i Wiedza", _c1961. |
||
| 300 |
_a660 stron : _bilustracje ; _c21 cm. |
||
| 336 |
_aTekst _btxt _2rdacontent |
||
| 337 |
_aBez urządzenia pośredniczącego _bn _2rdamedia |
||
| 338 |
_aWolumin _bnc _2rdacarrier |
||
| 380 | _aKsiążki | ||
| 380 | _aPublikacje naukowe | ||
| 388 | 1 | _a1901-2000 | |
| 388 | 1 | _a1945-1989 | |
| 504 | _aBibliografia przy pracach. Indeks. | ||
| 650 | 7 |
_aTeoria nauczania _2DBN |
|
| 655 | 7 | _aPraca zbiorowa | |
| 658 | _aEdukacja i pedagogika | ||
| 700 | 1 |
_aBaścik, Stefan _eAutor |
|
| 700 | 1 |
_aChoma, Władysław _d(1902-1976) _eAutor |
|
| 700 | 1 |
_aCzekajowski, Ryszard _d(1929-2010) _eAutor |
|
| 700 | 1 |
_aGrochmal, Stanisław _d(1911-1995) _eAutor |
|
| 700 | 1 |
_aIsterewicz, Irena _d(1911-1991) _eAutor |
|
| 700 | 1 |
_aKlimczyk, Józef _eAutor |
|
| 700 | 1 |
_aMysłakowski, Zygmunt _d(1890-1971) _eAutor _eRedakcja |
|
| 700 | 1 |
_aNowacki, Tadeusz Wacław _d(1913-2011) _eAutor |
|
| 700 | 1 |
_aSmarzyński, Henryk _d(1906-1989) _eAutor |
|
| 700 | 1 |
_aStachowicz, C. _eAutor |
|
| 700 | 1 |
_aTowpasz, Stefan _eAutor |
|
| 700 | 1 |
_aUrbańczyk, Franciszek _d(1900-1976) _eAutor |
|
| 700 | 1 |
_aWytyczak, Leon _eAutor |
|
| 710 | 2 |
_aSpółdzielnia Wydawniczo-Handlowa "Książka i Wiedza" _4pbl |
|
| 856 |
_uhttp://koha.tu.koszalin.pl/cgi-bin/koha/opac-detail.pl?biblionumber=16282 _yKatalog online BPK |
||
| 942 |
_2UKD _cKS |
||
| 999 |
_c16282 _d16282 |
||